Délmagyarország. - 1962. március 24., Szombat

Elmentve itt :
Bibliográfiai részletek
Dokumentumtípus: Újság
Megjelent: 1962-03-24
Sorozat:Délmagyarország 52 No. 70
Online Access:http://dmarchiv.bibl.u-szeged.hu/15560
LEADER 00489nas a2200145 i 4500
001 delm15560
005 20200414161229.0
008 171215s1962 hu n o 0|| hun d
022 |a 0133-025X 
040 |a SZTE Délmagyarország Archívum  |b hun 
041 |a hun 
245 0 0 |a Délmagyarország. - 1962. március 24., Szombat  |h [elektronikus dokumentum] 
260 |c 1962-03-24 
490 0 |a Délmagyarország  |v 52 No. 70 
856 4 0 |u http://dmarchiv.bibl.u-szeged.hu/15560/1/dm_1962_070.pdf  |z Dokumentum-elérés